A Study the Linguistic Features of Hedging Devices in Lectures in English /

Gorde:
Xehetasun bibliografikoak
Egile nagusia: Đỗ Thị Kim Cúc
Formatua: Ezezaguna
Hizkuntza:English
Argitaratua: 2013.
Gaiak:
Etiketak: Etiketa erantsi
Etiketarik gabe, Izan zaitez lehena erregistro honi etiketa jartzen!
Thư viện lưu trữ: Mạng thư viện Đại học Đà Nẵng
LEADER 01122na a2200313 4500
001 000032059
003 8042
005 20221126142150.0
008 151001s2013 000 eng
040 |a LNN 
041 |a ENG 
082 |a 420.37  |b ĐÔ-C 
100 |a Đỗ Thị Kim Cúc 
245 2 |a A Study the Linguistic Features of Hedging Devices in Lectures in English /  |c Đỗ Thị Kim Cúc. 
260 |c 2013. 
300 |a 77tr. : mh ; 30cm. 
650 |a Đỗ Thị Kim Cúc, 2013, Education, Study, Lectures in English, Lectures 
852 |c Luận văn Thạc sĩ 
OWN |a LNN 
AVA |a UDN50  |b LNN  |c English  |d 420.37 ĐÔ-C  |e available  |t Error 5001 Not defined in file expand_doc_bib_avail.  |f 1  |g 0  |h N  |i 0  |j AN  |k 1 
999 |a From the UDN01 
AVA |a UDN50  |b LNN  |c English  |d 420.37 ĐÔ-C  |e available  |t Error 5001 Not defined in file expand_doc_bib_avail.  |f 1  |g 0  |h N  |i 0  |j AN  |k 1 
TYP |a Printed language 
980 |a Mạng thư viện Đại học Đà Nẵng